000 00836nam a22002535i 4500
001 178048
003 ES-MaACL
005 20250728111242.0
008 110516s1967 sp |||| | spa d
080 _a27-72:5/6
080 _a27-14
100 1 _aMarcozzi, Vittorio.
_976549
245 1 3 _aEl problema de Dios y las ciencias /
_cVittorio Marcozzi ; [traducción de Enrique Obregón].
250 _a1ª ed.
260 _aBarcelona :
_bCredsa,
_c1967.
300 _a285 p. ;
_c18 cm.
490 1 _aPanoramas A-Z. La universidad en su mano ;
_v41
650 0 7 _aReligión y ciencia
_2embne
_916806
650 0 4 _aDios.
_911900
700 0 _aObregón, Enrique de.
_986425
830 0 _aPanoramas A-Z. La universidad en su mano ;
_v41
_9190680
852 _aES-MaACL
_jE-15091
_xOlim P-269-bis
999 _c178048
_d178048